Trabajo, empleo, calificaciones profesionales, relaciones de trabajo e identidades laborales /

محفوظ في:
التفاصيل البيبلوغرافية
المؤلف الرئيسي: Nefta, Julio César, Compilador
مؤلفون آخرون: Garza Toledo, Enrique de la, Compilador, Muñiz Terra Leticia, Compiladora
التنسيق: غير معروف
اللغة:Spanish
منشور في: Argentina : CLACSO,Ceil Piette Conicet, Trabajo y Sociedad
سلاسل:Colección Grupos de Trabajo director Marcelo Langieri
الوسوم: إضافة وسم
لا توجد وسوم, كن أول من يضع وسما على هذه التسجيلة!

MARC

LEADER 00000 a2200000 04500
001 40232
003
008 050701s2009 ag a spa d
040
020 |a 978--987-1543-25-0  
090 |a 1001 N383t  
100 |a Nefta, Julio César, Compilador  
245 |a Trabajo, empleo, calificaciones profesionales, relaciones de trabajo e identidades laborales /  |c Julio César Neffa; Enrique de la Garza Toledo; Leticia Muñiz Terra; compiladores ; Ricardo Antunes ... [et al.]  
260 |a Argentina :   |b CLACSO,Ceil Piette Conicet, Trabajo y Sociedad  
300 |a 2Volúmenes  
300 |b il.  
440 |a Colección Grupos de Trabajo   |a director Marcelo Langieri  
700 |a Garza Toledo, Enrique de la, Compilador/  
700 |a Muñiz Terra Leticia, Compiladora  
999 |c 12224  |d 12224